LEADER 01045nam0-2200325 --450 001 9910622501003321 005 20221114091443.0 010 $a88-17-11696-3$bvol. 1 010 $a88-17-11697-1$bvol. 2 100 $a20221114d1996----kmuy0itay5050 ba 101 1 $aita 102 $aIT 105 $a 001yy 200 1 $a<>esoterismo$fPierre A. Riffard$gtraduzione di Maria Grazia Meriggi 210 $aMilano$cBiblioteca universale Rizzoli$d1996 215 $a2 volumi (1509 p. compless.)$d20 cm 327 1 $a1.: Che cos'è l'esoterismo. -$a2.: Antologia dell'esoterismo occidentale 454 0$12001$a<>ésoterisme$9969126 610 0 $aEsoterismo 676 $a135.4$v23$zita 700 1$aRiffard,$bPierre A.$0543026 702 1$aMeriggi,$bMaria Grazia 801 0$aIT$bUNINA$gREICAT$2UNIMARC 901 $aBK 912 $a9910622501003321 952 $aFONDO ROSSI 853 (1)$bROSSI 893$fFARBC 952 $aFONDO ROSSI 853 (2)$bROSSI 893$fFARBC 959 $aFARBC 996 $aÉsotérisme$9969126 997 $aUNINA LEADER 01178nam a2200265 i 4500 001 991002211129707536 005 20020507161350.0 008 000719s1995 it ||| | ita 020 $a8813195567 035 $ab11624656-39ule_inst 035 $aLE02732337$9ExL 040 $aDip.to Studi Giuridici$bita 082 $a345.4505 100 1 $aConso, Giovanni$0149594 245 10$aProfili del nuovo codice di procedura penale :$bAppendice di aggiornamento con la legge 8 agosto 1995, n. 332 :$bModifiche al codice di procedura penale in tema di semplificazione dei procedimenti, di misure cautelari e di diritto di difesa /$cGiovanni Conso, Vittorio Grevi 250 $a3. ed. 260 $aPadova :$bCEDAM,$c1995 300 $a77 p. ;$c24 cm. 700 1 $aGrevi, Vittorio$eauthor$4http://id.loc.gov/vocabulary/relators/aut$0222797 907 $a.b11624656$b10-03-11$c02-07-02 912 $a991002211129707536 945 $aLE027 345.45 CON01.04$g1$i2027000164349$lle027$o-$pE0.00$q-$rl$s- $t0$u3$v0$w3$x0$y.i11842519$z02-07-02 996 $aProfili del nuovo codice di procedura penale$9577078 997 $aUNISALENTO 998 $ale027$b01-01-00$cm$da $e-$fita$git $h0$i1